Uplatnenie vybraných nástrojov marketingového mixu v spoločnosti Tatra banka, a.s bakalárska práca

Guardado en:
Detalles Bibliográficos
Autor principal: Čonková, Katarína
Autor Corporativo: Podnikovohospodárska fakulta EU so sídlom v Košiciach. Katedra marketingu a obchodu
Otros Autores: Urblíková, Daniela
Formato: Libro
Lenguaje:eslovaco
Publicado: Košice 2013
Etiquetas: Agregar Etiqueta
Sin Etiquetas, Sea el primero en etiquetar este registro!

MARC

LEADER 00000nbm a2200000 4500
001 0172252
005 20161109112038.8
041 0 |a slo 
044 |a SK 
245 1 0 |a Uplatnenie vybraných nástrojov marketingového mixu v spoločnosti Tatra banka, a.s  |b bakalárska práca  |c Katarína Čonková ; školiteľ: Daniela Urblíková 
264 1 |a Košice  |c 2013 
300 |a 54 s. 
100 1 |a Čonková, Katarína 
700 1 |a Urblíková, Daniela 
710 2 |a Podnikovohospodárska fakulta EU so sídlom v Košiciach. Katedra marketingu a obchodu